000 00209nam a2200097Ia 4500
008 220204s9999 xx 000 0 und d
082 _a82-3
_bWES
100 _aWest, Morris
245 0 _aAmbassador
942 _cBK
999 _c32674
_d32674